00454nam a2200181Ia 4500008004100000020001800041050001400059100002100073245002900094245005000123260001500173260001600188260000900204300001400213300002700227300001000254500000800264170918s9999 xx 000 0 und d a9780545111331 bS855 2007 aStier, Catherine aIf I ran for president / cCatherine Stier ; illustrated by Lynne Avril. aNew York : bScholastic, c2007 aunpaged : bcolored illustration ; c26cm. a910